| 000 | 00814nam a2200241 a 4500 | ||
|---|---|---|---|
| 001 | 52044 | ||
| 003 | BD-RjUL | ||
| 005 | 20211209075739.0 | ||
| 008 | 030312s2003 enka b 001 0 eng | ||
| 020 | _a1840649240 | ||
| 035 | _a(BD-RjUL)52164 | ||
| 040 |
_aBD-RjUL _cDLC _dDLC _beng |
||
| 041 | _aeng | ||
| 082 | 0 | 0 |
_223 _a333.7 _bNAT 2003 |
| 245 | 0 | 0 |
_aNatural resource accounting and economic development : _bTheory and Practice / _cedited by Charles Perrings and Jeffrey R. Vincent. |
| 260 |
_aNorthhampton, MA, USA : _bE. Elgar Pub., _cc2003. |
||
| 300 |
_avii, 273 p. : _bill. ; _c24 cm. |
||
| 504 | _aIncludes bibliographical references and index. | ||
| 650 | 0 |
_aNatural resources _xAccounting. _9155645 |
|
| 700 | 1 |
_aPerrings, Charles. _9155646 |
|
| 700 | 1 |
_aVincent, Jeffrey R. _9155647 |
|
| 942 |
_2ddc _cBK |
||
| 999 |
_c52044 _d52044 |
||